[Event "MSU Cup"]
[Site "Moscow"]
[Date "2024.04.22"]
[Round "1.13"]
[White "Shermuhammadov, Samandar"]
[Black "Isirailov, Nurgazy"]
[Result "1-0"]
[WhiteElo "2108"]
[BlackElo "1848"]
[PlyCount "159"]
[EventDate "2024.04.22"]
[EventType "team-tourn"]
[EventRounds "9"]
[EventCountry "RUS"]
[SourceTitle "CB18_2024"]
[SourceDate "2024.05.01"]
[SourceVersion "1"]
[SourceVersionDate "2024.05.01"]
[SourceQuality "2"]
[WhiteTeam "Uzbekistan"]
[BlackTeam "Kyrgyzstan"]
[WhiteTeamCountry "UZB"]
[BlackTeamCountry "KGZ"]

1. e4 c5 2. Nf3 d6 3. d4 cxd4 4. Qxd4 Bd7 5. Nc3 Nc6 6. Qe3 Nf6 7. Be2 g6 8. 0-0 Bg7 9. h3 0-0 10. Rd1 a6 11. Nd5 Nxd5 12. exd5 Ne5 13. Nd4 Rc8 14. b3 f5 15. f4 Nf7 16. Bb2 Re8 17. c4 Qb6 18. Rab1 e5 19. dxe6 Rxe6 20. Qd2 Rce8 21. Bf3 Bc6 22. Bxc6 bxc6 23. c5 Qxc5 24. Rbc1 Bxd4+ 25. Bxd4 Qd5 26. Qc3 Re2 27. Bf2 Qe4 28. Rd4 Qe7 29. Rd2 c5 30. b4 cxb4 31. Qxb4 Re4 32. Qa5 Rxf4 33. Qxa6 Qg5 34. Qc6 Rfe4 35. Rcd1 R4e6 36. a4 Ne5 37. Qd5 Nf7 38. a5 Re5 39. Qc6 Qd8 40. a6 Qa8 41. Qxa8 Rxa8 42. a7 Ree8 43. Rb1 Kg7 44. Rdb2 Nd8 45. Rb8 Nc6 46. Rxe8 Rxe8 47. Rb6 Nxa7 48. Rb7+ Kf6 49. Bxa7 h5 50. Bd4+ Ke6 51. Rg7 Kd5 52. Bf6 Re6 53. Rxg6 f4 54. Rg5+ Ke4 55. Bg7 f3 56. Kf2 Kf4 57. h4 Re2+ 58. Kf1 Rc2 59. Bh6 Ke4 60. gxf3+ Kxf3 61. Rf5+ Kg4 62. Rf4+ Kg3 63. Rd4 Rf2+ 64. Ke1 Rf6 65. Bg5 Re6+ 66. Kd2 Kf3 67. Kd3 Kg2 68. Re4 Rg6 69. Kd4 Kg3 70. Kd5 Kf3 71. Re6 Rg8 72. Kxd6 Kg4 73. Re4+ Kf3 74. Rf4+ Kg3 75. Rc4 Rg6+ 76. Ke7 Rg8 77. Kf7 Ra8 78. Kg6 Rh8 79. Bh6 Rc8 80. Rxc8 1-0

[Event "Issykkul op"]
[Site "Korumdu"]
[Date "2023.07.19"]
[Round "9"]
[White "Momeni, Ebrahim"]
[Black "Shermuhammadov, Samandar"]
[Result "1/2-1/2"]
[WhiteElo "2145"]
[BlackElo "2136"]
[PlyCount "61"]
[EventDate "2023.07.12"]
[EventType "swiss"]
[EventRounds "10"]
[EventCountry "KGZ"]
[SourceTitle "CBM 215 Extra"]
[Source "ChessBase"]
[SourceDate "2023.09.30"]
[SourceVersion "1"]
[SourceVersionDate "2023.09.30"]
[SourceQuality "1"]

1. c4 d6 2. Nc3 g6 3. g3 Bg7 4. Bg2 Nc6 5. e4 Nd4 6. d3 e5 7. Be3 h5 8. h3 h4 9. g4 Ne6 10. Nge2 Ne7 11. f4 exf4 12. Nxf4 Nxf4 13. Bxf4 Nc6 14. Qd2 Be6 15. Rf1 Qd7 16. Bg5 Nd4 17. 0-0-0 Be5 18. Bf6 Bxf6 19. Rxf6 0-0-0 20. Qf2 c5 21. Kb1 Nc6 22. b3 Qc7 23. Kb2 Qa5 24. Qd2 Ne5 25. Ne2 Qxd2+ 26. Rxd2 Kd7 27. d4 cxd4 28. Nxd4 Ke7 29. Rf1 a6 30. Kb1 Rb8 31. Bf3 1/2-1/2

[Event "Tashkent Sahibkiran Temur Cup"]
[Site "Tashkent"]
[Date "2023.04.15"]
[Round "3"]
[White "Shermuhammadov, Samandar"]
[Black "Sivuk, Vitaly"]
[Result "0-1"]
[WhiteElo "2135"]
[BlackElo "2533"]
[PlyCount "68"]
[EventDate "2023.04.14"]
[EventType "swiss"]
[EventRounds "9"]
[EventCountry "UZB"]
[SourceTitle "CBM 213 Extra"]
[Source "ChessBase"]
[SourceDate "2023.05.31"]
[SourceVersion "1"]
[SourceVersionDate "2023.05.31"]
[SourceQuality "1"]

1. e4 c5 2. Nf3 d6 3. d4 cxd4 4. Qxd4 Nf6 5. Bg5 Nc6 6. Bb5 Qa5+ 7. Nc3 Qxb5 8. Nxb5 Nxd4 9. Nfxd4 Nxe4 10. Nc7+ Kd8 11. Nxa8 Nxg5 12. Nb5 a6 13. Nc3 b5 14. Nb6 Bb7 15. Nbd5 b4 16. Nxb4 Bxg2 17. 0-0-0 Bxh1 18. Rxh1 g6 19. Nxa6 Bh6 20. Kb1 Kd7 21. Rd1 Nf3 22. Nc5+ Kc6 23. Nb3 Bg7 24. h3 Bxc3 25. bxc3 h5 26. Nd4+ Nxd4 27. Rxd4 g5 28. f3 f5 29. Rd2 e5 30. Rg2 Rg8 31. Kc1 g4 32. hxg4 hxg4 33. fxg4 Rxg4 34. Rh2 Ra4 0-1

[Event "Agzamov Memorial 16th"]
[Site "Tashkent"]
[Date "2023.04.08"]
[Round "5"]
[White "Shermuhammadov, Samandar"]
[Black "Begmuratov, Khumoyun"]
[Result "0-1"]
[WhiteElo "2135"]
[BlackElo "2400"]
[PlyCount "138"]
[EventDate "2023.04.05"]
[EventType "swiss"]
[EventRounds "10"]
[EventCountry "UZB"]
[SourceTitle "CBM 213 Extra"]
[Source "ChessBase"]
[SourceDate "2023.05.31"]
[SourceVersion "1"]
[SourceVersionDate "2023.05.31"]
[SourceQuality "1"]

1. e4 c5 2. Nf3 d6 3. d4 cxd4 4. Qxd4 Nf6 5. c4 Nc6 6. Qe3 g6 7. Nc3 Bg7 8. Be2 0-0 9. 0-0 Nd7 10. b3 Qb6 11. Qd2 Nc5 12. Bb2 Qa5 13. Rab1 Bg4 14. Rfe1 e6 15. Ba1 a6 16. Nd4 Nxd4 17. Bxg4 Nc6 18. Red1 Rfd8 19. Be2 Rac8 20. f3 Qb4 21. Kh1 Rd7 22. Qb2 Rcd8 23. a3 Qxc3 24. Qxc3 Bxc3 25. Bxc3 e5 26. b4 Ne6 27. a4 a5 28. bxa5 Nc5 29. Ra1 Ra8 30. Rd5 Ne7 31. Rdd1 Nc6 32. Rd5 f6 33. g3 Kf7 34. Kg2 Nxa5 35. Rad1 Ke7 36. Bb4 b6 37. Bxc5 bxc5 38. Rb1 Nc6 39. Rb6 Nb4 40. Rd2 Rxa4 41. f4 Ra2 42. Rxa2 Nxa2 43. Rb8 Rd8 44. Rb7+ Rd7 45. Rb8 Rd8 46. Rb7+ Rd7 47. Rb8 Kf7 48. Bg4 Ra7 49. Rd8 Nc3 50. Rxd6 Nxe4 51. Rc6 Ra2+ 52. Kg1 f5 53. Bf3 exf4 54. gxf4 Rc2 55. Bxe4 fxe4 56. Rxc5 Kf6 57. h3 h6 58. h4 e3 59. Re5 Rxc4 60. Rxe3 Rxf4 61. h5 g5 62. Ra3 g4 63. Kg2 Kg5 64. Kg3 Rf5 65. Ra4 Rf3+ 66. Kg2 Kxh5 67. Ra5+ Kh4 68. Ra2 Rf4 69. Rb2 h5 0-1

[Event "Agzamov Memorial 14th"]
[Site "Tashkent"]
[Date "2021.08.17"]
[Round "3"]
[White "Utegaliev, Azamat"]
[Black "Shermuhammadov, Samandar"]
[Result "1/2-1/2"]
[WhiteElo "2506"]
[BlackElo "2091"]
[PlyCount "168"]
[EventDate "2021.08.16"]
[EventType "swiss"]
[EventRounds "9"]
[EventCountry "UZB"]
[SourceTitle "CBM 203 Extra"]
[Source "ChessBase"]
[SourceDate "2021.09.30"]
[SourceVersion "1"]
[SourceVersionDate "2021.09.30"]
[SourceQuality "1"]

1. c4 e6 2. Nf3 d5 3. e3 Nf6 4. b3 b6 5. Bb2 Be7 6. cxd5 exd5 7. Nc3 0-0 8. d4 Bb7 9. Bd3 Nbd7 10. 0-0 Re8 11. Re1 Bd6 12. Bf1 a6 13. g3 Ne4 14. Nxe4 dxe4 15. Nd2 Bb4 16. Re2 b5 17. Bg2 Bd5 18. Rc1 Bd6 19. Nb1 Qg5 20. Qe1 Qh5 21. Rec2 a5 22. Nc3 b4 23. Nb5 Nf6 24. Nxc7 Bxc7 25. Rxc7 a4 26. Qxb4 axb3 27. axb3 Qf5 28. h3 Rab8 29. Qc5 Rxb3 30. Bc3 h5 31. Be1 Reb8 32. Rc8+ Kh7 33. Rxb8 Rxb8 34. Qc7 Rb2 35. Qe5 Qe6 36. Ba5 Kh6 37. Bc7 Nd7 38. Qd6 Kh7 39. Qxe6 fxe6 40. Bf4 Nb6 41. Bf1 Rb4 42. Be2 Kg6 43. Rc7 Nc4 44. Bxh5+ Kh7 45. Be2 Rb1+ 46. Kh2 Nb2 47. Be5 Nd3 48. Rxg7+ Kh6 49. Rf7 Rb2 50. Rf6+ Kh7 51. Bg4 Nxf2 52. Kg1 Nd3 53. Rf1 Bc4 54. Bf4 Rc2 55. h4 Nc1 56. Rf2 Rc3 57. Bg5 Nd3 58. Rf7+ Kg8 59. Rf1 Rc2 60. h5 Nb2 61. Rf6 Nd3 62. Rf1 Nb2 63. Rf6 Nd3 64. h6 Rc1+ 65. Kh2 Ne1 66. Rg6+ Kh8 67. Kh3 Nf3 68. Bf6+ Kh7 69. Bh5 Rh1+ 70. Kg4 Be2 71. Rg7+ Kxh6 72. Rg6+ Kh7 73. Rg7+ Kh6 74. Kf4 Rxh5 75. g4 Rh1 76. g5+ Nxg5 77. Rxg5 Rf1+ 78. Ke5 Bc4 79. Be7 Bd5 80. Bd8 Rf3 81. Rg1 Rf5+ 82. Kd6 Kh5 83. Kc5 Bb7+ 84. Kb6 Bd5 1/2-1/2

[Event "UZB-ch"]
[Site "Tashkent"]
[Date "2021.04.22"]
[Round "6"]
[White "Shermuhammadov, Samandar"]
[Black "Madaminov, Mukhiddin"]
[Result "1-0"]
[WhiteElo "2063"]
[BlackElo "2258"]
[PlyCount "95"]
[EventDate "2021.04.17"]
[EventType "tourn"]
[EventRounds "13"]
[EventCountry "UZB"]
[EventCategory "5"]
[SourceTitle "CBM 202 Extra"]
[Source "ChessBase"]
[SourceDate "2021.07.31"]
[SourceVersion "1"]
[SourceVersionDate "2021.07.31"]
[SourceQuality "1"]

1. Nf3 Nf6 2. b3 d5 3. Bb2 c5 4. e3 Nc6 5. Be2 e6 6. 0-0 Bd6 7. d4 cxd4 8. Nxd4 e5 9. Nb5 Be7 10. c4 Be6 11. cxd5 Nxd5 12. N1c3 Nxc3 13. Nxc3 0-0 14. Qxd8 Rfxd8 15. Rfd1 f5 16. Rxd8+ Rxd8 17. Rd1 Rxd1+ 18. Bxd1 a6 19. Kf1 Kf7 20. g3 b5 21. e4 g6 22. Bf3 Nb4 23. Ke2 fxe4 24. Bxe4 Bc5 25. a3 Bxb3 26. axb4 Bxb4 27. Bd5+ Bxd5 28. Nxd5 Bd6 29. Kd3 Ke6 30. Ke4 a5 31. Nc3 b4 32. Na4 h5 33. f3 Bb8 34. Nc5+ Kd6 35. Nb7+ Kc6 36. Nxa5+ Kb5 37. Nb3 Ka4 38. Nc5+ Kb5 39. Nd7 Ba7 40. Nxe5 g5 41. Bd4 b3 42. Nd3 Bb8 43. f4 gxf4 44. gxf4 Kc6 45. h3 Bd6 46. f5 Kd7 47. Kd5 Ba3 48. Nc5+ 1-0

[Event "UZB-ch"]
[Site "Tashkent"]
[Date "2021.04.18"]
[Round "2"]
[White "Shermuhammadov, Samandar"]
[Black "Vakhidov, Jahongir"]
[Result "1/2-1/2"]
[WhiteElo "2063"]
[BlackElo "2533"]
[PlyCount "117"]
[EventDate "2021.04.17"]
[EventType "tourn"]
[EventRounds "13"]
[EventCountry "UZB"]
[EventCategory "5"]
[SourceTitle "CBM 202 Extra"]
[Source "ChessBase"]
[SourceDate "2021.07.31"]
[SourceVersion "1"]
[SourceVersionDate "2021.07.31"]
[SourceQuality "1"]

1. e4 c5 2. Nf3 g6 3. d4 cxd4 4. Qxd4 Nf6 5. c4 Nc6 6. Qe3 d6 7. Nc3 Bg4 8. Be2 Bg7 9. 0-0 Nd7 10. Rd1 0-0 11. h3 Bxf3 12. Bxf3 Qb6 13. Nd5 Qxe3 14. Bxe3 Rac8 15. Rac1 Rfe8 16. b3 Nc5 17. g4 e6 18. Nf4 Nb4 19. Rd2 a5 20. Ne2 a4 21. Rb1 axb3 22. axb3 Red8 23. Bg2 Kf8 24. f4 Ke7 25. Bf2 h6 26. h4 g5 27. e5 dxe5 28. Rxd8 Kxd8 29. fxg5 hxg5 30. h5 Ke7 31. Bxc5+ Rxc5 32. Ra1 Nc6 33. Ra8 Nd4 34. Nxd4 exd4 35. Ra7 d3 36. Rxb7+ Kd6 37. Rxf7 d2 38. Bf3 Bd4+ 39. Kg2 Re5 40. b4 Re1 41. c5+ Ke5 42. h6 Rg1+ 43. Kh2 d1Q 44. Bxd1 Rxd1 45. h7 Ke4 46. Rf8 Rd2+ 47. Kh1 Rc2 48. h8Q Bxh8 49. Rxh8 e5 50. Rf8 Rc4 51. Kg2 Rxb4 52. Rf5 Rb2+ 53. Kg3 Rb3+ 54. Kg2 Rc3 55. Rxg5 Rxc5 56. Rf5 Rc8 57. Kg3 Kd4 58. g5 e4 59. Rf7 1/2-1/2

[Event "Asia-ch U12"]
[Site "Ulaanbaatar"]
[Date "2016.04.08"]
[Round "4"]
[White "Shermuhammadov, Samandar"]
[Black "Chinguun, Sumiya"]
[Result "1-0"]
[WhiteElo "1733"]
[BlackElo "2032"]
[PlyCount "75"]
[EventDate "2016.04.06"]
[EventType "swiss"]
[EventRounds "9"]
[EventCountry "MGL"]
[SourceTitle "EXT 2017"]
[Source "ChessBase"]
[SourceDate "2016.10.25"]
[SourceVersion "1"]
[SourceVersionDate "2016.10.25"]
[SourceQuality "1"]

1. e4 c5 2. d3 e6 3. Nd2 a6 4. Ngf3 b5 5. g3 Bb7 6. Bg2 d6 7. 0-0 g6 8. c3 Bg7 9. h4 Ne7 10. h5 Nbc6 11. Re1 0-0 12. Nf1 h6 13. N3h2 Kh7 14. g4 g5 15. Ng3 d5 16. Qc2 d4 17. e5 Nd5 18. Nf3 Kg8 19. Bd2 Rc8 20. Rad1 Qe7 21. Qc1 Qc7 22. Bxg5 hxg5 23. Qxg5 Qe7 24. Qd2 dxc3 25. bxc3 b4 26. cxb4 Ndxb4 27. a3 Nd5 28. h6 Bh8 29. g5 Nd4 30. Nxd4 cxd4 31. Nh5 Qd7 32. h7+ Kxh7 33. Be4+ Kg8 34. Nf6+ Nxf6 35. gxf6 Bxe4 36. Rxe4 Bxf6 37. exf6 Qd5 38. Qh6 1-0

[Event "Asia-ch U12"]
[Site "Ulaanbaatar"]
[Date "2016.04.07"]
[Round "2"]
[White "Batsuren, Dambasuren"]
[Black "Shermuhammadov, Samandar"]
[Result "1-0"]
[WhiteElo "2042"]
[BlackElo "1733"]
[PlyCount "78"]
[EventDate "2016.04.06"]
[EventType "swiss"]
[EventRounds "9"]
[EventCountry "MGL"]
[SourceTitle "EXT 2017"]
[Source "ChessBase"]
[SourceDate "2016.10.25"]
[SourceVersion "1"]
[SourceVersionDate "2016.10.25"]
[SourceQuality "1"]

1. e4 d6 2. d4 g6 3. f4 Bg7 4. Nf3 Bg4 5. c3 d5 6. e5 e6 7. Nbd2 h5 8. h3 Bf5 9. g3 Ne7 10. Qe2 Nd7 11. Bg2 a6 12. Ng5 c5 13. g4 Bc2 14. Nc4 dxc4 15. Qxc2 cxd4 16. cxd4 Nf8 17. Bxb7 Rb8 18. Ne4 Qxd4 19. Qa4+ Nd7 20. Nd6+ Kd8 21. Qxa6 Rxb7 22. Qxb7 Nc5 23. Nxf7+ Ke8 24. Nd6+ Qxd6 25. exd6 Nxb7 26. dxe7 hxg4 27. Kf2 Kxe7 28. Kg2 g3 29. Rd1 Rc8 30. Bd2 Bd4 31. Bb4+ Bc5 32. Bxc5+ Nxc5 33. Rd4 Nd7 34. Rc1 Nb6 35. Kxg3 Ra8 36. a3 Ra5 37. Rdxc4 Nxc4 38. Rxc4 Kd6 39. Kg4 Kd5 1-0